00273nam a2200109Ia 4500008004100000041000800041100001600049245003600065260003500101300000800136999001900144230822s1999 xx 000 0 und d aeng aDOYLE A. C. aTHE LAST ADVENTURES OF SHERELOK bJAICO PUB. HOUSE MUMBAI c1999 a196 c856867d856867